000
00253nam a2200097Ia 4500
001
831952
005
20250826172345.0
008
250824s9999 xx 000 0 und d
245
0
_a
OLAĞANÜSTÜ TAŞITLAR
_c
SEVDE SEVEN USAK
260
_b
YEDİVEREN YAYINLARI
999
_c
831952
_d
831952